[Event "CZE-chTW U20 1314"]
[Site "Czech Republic"]
[Date "2013.12.07"]
[Round "5.4"]
[White "Danhel, Lukas"]
[Black "Suchomel, Tomas"]
[Result "1-0"]
[WhiteElo "1670"]
[BlackElo "1792"]
[PlyCount "41"]
[EventDate "2013.10.12"]
[EventType "team-tourn"]
[EventRounds "11"]
[EventCountry "CZE"]
[SourceTitle "EXT 2015"]
[Source "ChessBase"]
[SourceDate "2014.11.20"]
[SourceVersion "1"]
[SourceVersionDate "2014.11.20"]
[SourceQuality "1"]
[WhiteTeam "Praha Bohemians (U20)"]
[BlackTeam "Liberec Desko (U20)"]
[WhiteTeamCountry "CZE"]
[BlackTeamCountry "CZE"]

1. e4 e5 2. Nf3 Nc6 3. d4 exd4 4. Nxd4 Qh4 5. Nb5 Bb4+ 6. N1c3 Ba5 7. Be3 Nf6 8. Be2 Nxe4 9. Qd3 Nxc3 10. Nxc3 Bxc3+ 11. bxc3 d6 12. Rb1 0-0 13. 0-0 Ne5 14. Qd2 Qa4 15. Rb4 Qxa2 16. f4 a5 17. Rd4 Nc6 18. Bc4 Qb2 19. f5 Ne5 20. Bh6 Nxc4 21. Qg5 1-0

[Event "CZE-chTW U20 1314"]
[Site "Czech Republic"]
[Date "2013.10.12"]
[Round "2.4"]
[White "Hurdzan, Tomas"]
[Black "Suchomel, Tomas"]
[Result "1-0"]
[WhiteElo "1870"]
[BlackElo "1792"]
[PlyCount "101"]
[EventDate "2013.10.12"]
[EventType "team-tourn"]
[EventRounds "11"]
[EventCountry "CZE"]
[SourceTitle "EXT 2015"]
[Source "ChessBase"]
[SourceDate "2014.11.20"]
[SourceVersion "1"]
[SourceVersionDate "2014.11.20"]
[SourceQuality "1"]
[WhiteTeam "Klatovy (U20)"]
[BlackTeam "Liberec Desko (U20)"]
[WhiteTeamCountry "CZE"]
[BlackTeamCountry "CZE"]

1. e4 e6 2. Nf3 d5 3. Nc3 Nf6 4. e5 Nfd7 5. d4 c5 6. dxc5 Bxc5 7. Bd3 Nc6 8. Bf4 a6 9. 0-0 b5 10. Re1 Qb6 11. Bg3 Bb7 12. Rc1 Nb4 13. a3 Nxd3 14. cxd3 0-0 15. b4 Be7 16. Ne2 Rfc8 17. Qd2 Rxc1 18. Rxc1 a5 19. Ned4 axb4 20. axb4 Ra4 21. Rb1 Nb8 22. Bf4 Qa6 23. Ne1 Nc6 24. Nxc6 Qxc6 25. Be3 f6 26. f4 fxe5 27. fxe5 Qa6 28. Bd4 Bd8 29. Bc5 Bb6 30. Qf2 Bxc5 31. Qxc5 Qa7 32. Qxa7 Rxa7 33. Rb2 Bc8 34. Kf2 Rc7 35. Rc2 Rxc2+ 36. Nxc2 Kf7 37. Ke3 Kg6 38. Nd4 Bd7 39. Kf4 Kh5 40. Nf3 Kh6 41. g4 Kg6 42. Ke3 h5 43. h3 hxg4 44. hxg4 Kf7 45. Kd4 Ke7 46. Kc5 Be8 47. Nd4 Bg6 48. Kxb5 Bxd3+ 49. Kc6 g6 50. Kc7 Ba6 51. b5 1-0

[Event "Liberec Desko op"]
[Site "Liberec"]
[Date "2013.07.20"]
[Round "1"]
[White "Suchomel, Tomas"]
[Black "Sabol, Marian"]
[Result "0-1"]
[WhiteElo "1799"]
[BlackElo "2332"]
[PlyCount "50"]
[EventDate "2013.07.20"]
[EventType "swiss"]
[EventRounds "9"]
[EventCountry "CZE"]
[SourceTitle "CBM 155 Extra"]
[Source "ChessBase"]
[SourceDate "2013.08.26"]
[SourceVersion "1"]
[SourceVersionDate "2013.08.26"]
[SourceQuality "1"]

1. e4 c5 2. Nf3 d6 3. d4 cxd4 4. Nxd4 Nf6 5. Nc3 a6 6. Be3 e6 7. Bd3 b5 8. 0-0 Bb7 9. f3 Be7 10. Kh1 0-0 11. Qd2 Nc6 12. Nce2 Ne5 13. Nf4 Nxd3 14. Nxd3 Nd7 15. a4 bxa4 16. Rxa4 Nb6 17. Rb4 d5 18. Rb3 Nc4 19. Qe2 Na5 20. Nxe6 fxe6 21. Bb6 Qc8 22. Bxa5 dxe4 23. Ne5 Bf6 24. f4 Bxe5 25. fxe5 Qxc2 0-1

[Event "CZE-chTW U20 1213"]
[Site "Czech Republic"]
[Date "2013.01.26"]
[Round "7.2"]
[White "Suchomel, Tomas"]
[Black "Ta, Van Duy"]
[Result "1/2-1/2"]
[WhiteElo "1750"]
[BlackElo "2023"]
[PlyCount "58"]
[EventDate "2012.10.06"]
[EventType "team-tourn"]
[EventRounds "11"]
[EventCountry "CZE"]
[SourceTitle "EXT 2015"]
[Source "ChessBase"]
[SourceDate "2014.11.20"]
[SourceVersion "1"]
[SourceVersionDate "2014.11.20"]
[SourceQuality "1"]
[WhiteTeam "Liberec Desko (U20)"]
[BlackTeam "Most Chess (U20)"]
[WhiteTeamCountry "CZE"]
[BlackTeamCountry "CZE"]

1. e4 c5 2. Nf3 d6 3. d4 cxd4 4. Nxd4 Nf6 5. Nc3 a6 6. Be3 e5 7. Nb3 Be7 8. f3 Be6 9. Qd2 Nbd7 10. 0-0-0 Qc7 11. g4 b5 12. g5 Nh5 13. Nd5 Bxd5 14. Qxd5 Rc8 15. Qd2 Nb6 16. Bxb6 Qxb6 17. Bh3 Rc7 18. Bg4 Nf4 19. h4 0-0 20. Kb1 Rd8 21. Nc1 d5 22. Ne2 Ng2 23. Nc3 d4 24. Nd5 Rxd5 25. exd5 Ne3 26. Rc1 Nxd5 27. c3 Ne3 28. cxd4 Qg6+ 29. Ka1 Nc2+ 1/2-1/2

[Event "Liberec Metalmex op"]
[Site "Liberec"]
[Date "2012.08.16"]
[Round "7"]
[White "Karafiat, Vaclav"]
[Black "Suchomel, Tomas"]
[Result "0-1"]
[WhiteElo "1621"]
[BlackElo "1727"]
[PlyCount "114"]
[EventDate "2012.08.11"]
[EventType "swiss"]
[EventRounds "9"]
[EventCountry "CZE"]
[SourceTitle "EXT 2014"]
[Source "ChessBase"]
[SourceDate "2013.11.20"]
[SourceVersion "1"]
[SourceVersionDate "2013.11.20"]
[SourceQuality "1"]

1. d4 e6 2. c4 Nf6 3. Nc3 c5 4. e3 b6 5. Nf3 Bb7 6. Be2 Qc7 7. h3 cxd4 8. Qxd4 Nc6 9. Qd1 a6 10. a3 Rc8 11. 0-0 Ne5 12. Nxe5 Qxe5 13. Qd2 Qg5 14. f3 Qg3 15. Qe1 Nh5 16. Bd3 Qc7 17. Ne2 Bd6 18. Bd2 Bh2+ 19. Kh1 Bg3 20. Qd1 0-0 21. Be1 Rfd8 22. Bxg3 Nxg3+ 23. Nxg3 Qxg3 24. Qe1 Qe5 25. Rb1 d5 26. cxd5 exd5 27. Qd2 b5 28. Rfe1 Rc6 29. Bc2 Rdc8 30. Bb3 Rd6 31. Qd4 Qg5 32. Rbc1 Qd8 33. Red1 Rc7 34. e4 Rxc1 35. Rxc1 dxe4 36. Qa7 Rd7 37. fxe4 g6 38. Qc5 Bxe4 39. Rf1 Bd5 40. Bxd5 Rxd5 41. Qc6 Rd6 42. Qf3 Qe7 43. Rc1 Kg7 44. Qc3+ Qf6 45. Qc2 Re6 46. Rd1 Rc6 47. Qe2 Qe6 48. Qd2 Qc4 49. Re1 Re6 50. Rxe6 Qxe6 51. Qc3+ Qf6 52. Qc2 Qf1+ 53. Kh2 Qc4 54. Qd2 h5 55. Qf2 g5 56. Qd2 Qf4+ 57. Qxf4 gxf4 0-1

[Event "Liberec Metalmex op"]
[Site "Liberec"]
[Date "2012.08.14"]
[Round "5"]
[White "Martinovsky, Miroslav"]
[Black "Suchomel, Tomas"]
[Result "1/2-1/2"]
[WhiteElo "1818"]
[BlackElo "1727"]
[PlyCount "106"]
[EventDate "2012.08.11"]
[EventType "swiss"]
[EventRounds "9"]
[EventCountry "CZE"]
[SourceTitle "EXT 2014"]
[Source "ChessBase"]
[SourceDate "2013.11.20"]
[SourceVersion "1"]
[SourceVersionDate "2013.11.20"]
[SourceQuality "1"]

1. Nf3 e6 2. d4 Nf6 3. c4 c5 4. d5 d6 5. Nc3 e5 6. e4 a6 7. h3 g6 8. Bd3 Bg7 9. Be3 0-0 10. Qd2 Qe8 11. 0-0 Nh5 12. g4 Nf6 13. Nh2 Qe7 14. Bg5 Re8 15. Rae1 Nbd7 16. f3 Qf8 17. Rf2 h6 18. Be3 Nh7 19. Kg2 g5 20. Nf1 Qe7 21. Ng3 Ndf6 22. Rg1 Kh8 23. Kf1 Nf8 24. Nf5 Bxf5 25. gxf5 Nh5 26. Rh2 Nf4 27. Rgh1 Kh7 28. Bf2 f6 29. h4 Nd7 30. Be3 Rf8 31. Nd1 Rh8 32. Nf2 Kg8 33. Ng4 Kf7 34. hxg5 hxg5 35. Bxf4 exf4 36. Rxh8 Rxh8 37. Rxh8 Bxh8 38. Qh2 Bg7 39. Qh5+ Kg8 40. Qh2 Kf8 41. b3 Ke8 42. Qb2 Kf7 43. Qc3 b6 44. a4 a5 45. Qb2 Qe8 46. Qh2 Qe7 47. Be2 Kf8 48. Ke1 Kg8 49. Kf1 Ne5 50. Nf2 Bf8 51. Ke1 Qf7 52. Kf1 Qe7 53. Qh5 Bg7 1/2-1/2

[Event "Liberec Metalmex op"]
[Site "Liberec"]
[Date "2012.08.12"]
[Round "2"]
[White "Suchomel, Tomas"]
[Black "Ricanek, Miloslav"]
[Result "1/2-1/2"]
[WhiteElo "1727"]
[BlackElo "1905"]
[PlyCount "72"]
[EventDate "2012.08.11"]
[EventType "swiss"]
[EventRounds "9"]
[EventCountry "CZE"]
[SourceTitle "EXT 2014"]
[Source "ChessBase"]
[SourceDate "2013.11.20"]
[SourceVersion "1"]
[SourceVersionDate "2013.11.20"]
[SourceQuality "1"]

1. e4 c5 2. Nf3 d6 3. d4 cxd4 4. Nxd4 Nf6 5. Nc3 Nc6 6. Be3 a6 7. f3 Bd7 8. Qd2 Rc8 9. g4 g6 10. h4 Nxd4 11. Bxd4 e5 12. Be3 Be6 13. 0-0-0 Qa5 14. Nd5 Qxd2+ 15. Rxd2 Bxd5 16. exd5 Nd7 17. Kb1 Be7 18. c4 Bd8 19. b4 a5 20. a3 axb4 21. axb4 0-0 22. Bd3 Bb6 23. Bxb6 Nxb6 24. Rc1 Rfd8 25. Rdc2 Ra8 26. Ra2 Rxa2 27. Kxa2 Rc8 28. Rc2 Kf8 29. Kb3 Ke7 30. Be4 Nd7 31. Ka4 b6 32. Kb5 Ra8 33. Rh2 h6 34. h5 g5 35. Bf5 Ra3 36. Rf2 Rb3 1/2-1/2

[Event "Liberec Desko op"]
[Site "Liberec"]
[Date "2012.07.21"]
[Round "1"]
[White "Kaderabek, Jiri"]
[Black "Suchomel, Tomas"]
[Result "1-0"]
[WhiteElo "2214"]
[BlackElo "1727"]
[PlyCount "47"]
[EventDate "2012.07.21"]
[EventType "swiss"]
[EventRounds "9"]
[EventCountry "CZE"]
[SourceTitle "CBM 149 Extra"]
[Source "ChessBase"]
[SourceDate "2012.08.24"]
[SourceVersion "1"]
[SourceVersionDate "2012.08.24"]
[SourceQuality "1"]

1. c4 e5 2. Nc3 Nc6 3. g3 Bc5 4. Bg2 f5 5. d3 Nf6 6. Nf3 d6 7. Bg5 Be6 8. Nd5 Bxd5 9. cxd5 Ne7 10. Bxf6 gxf6 11. 0-0 Qd7 12. Bh3 Qb5 13. e4 Rg8 14. d4 Bb6 15. a4 Qxb2 16. a5 Bxd4 17. Rb1 Qc3 18. Nxd4 Qxd4 19. Qh5+ Kd8 20. Bxf5 Nxf5 21. Qxf5 Rf8 22. Rxb7 Rc8 23. Rfb1 Rf7 24. Rb8 1-0

[Event "CZE-chTB U20 1112"]
[Site "Czech Republic"]
[Date "2012.04.14"]
[Round "6.3"]
[White "Borufka, Roman"]
[Black "Suchomel, Tomas"]
[Result "1-0"]
[WhiteElo "1897"]
[BlackElo "1718"]
[PlyCount "79"]
[EventDate "2012.04.13"]
[EventType "team-tourn"]
[EventRounds "7"]
[EventCountry "CZE"]
[SourceTitle "CBM 148 Extra"]
[Source "ChessBase"]
[SourceDate "2012.06.22"]
[SourceVersion "1"]
[SourceVersionDate "2012.06.22"]
[SourceQuality "1"]
[WhiteTeam "Stare Mesto"]
[BlackTeam "Liberec"]
[WhiteTeamCountry "CZE"]
[BlackTeamCountry "CZE"]

1. e4 e6 2. d4 d5 3. exd5 exd5 4. Bd3 Bd6 5. c3 Nf6 6. Bg5 0-0 7. Qb3 c6 8. Ne2 b6 9. Nd2 Re8 10. h3 Ba6 11. Bxa6 Nxa6 12. Qa4 Nb8 13. Nf1 Qe7 14. Ne3 h6 15. Bh4 Qe6 16. Bxf6 Qxf6 17. 0-0 b5 18. Qc2 Nd7 19. a4 a6 20. axb5 axb5 21. Rxa8 Rxa8 22. Nf5 Bc7 23. Neg3 Re8 24. Nh5 Qg6 25. Nhxg7 Re4 26. f3 Re6 27. Nxe6 Qxe6 28. g4 Bf4 29. Kf2 Nf8 30. Re1 Qf6 31. Re8 h5 32. Qb3 hxg4 33. fxg4 Qh8 34. Qa3 Bh6 35. Qd6 Bg7 36. h4 b4 37. h5 bxc3 38. bxc3 Qh7 39. h6 Bxh6 40. Nxh6+ 1-0

[Event "CZE-chTB U20 1112"]
[Site "Czech Republic"]
[Date "2012.04.14"]
[Round "5.3"]
[White "Suchomel, Tomas"]
[Black "Strnad, Ondrej"]
[Result "0-1"]
[WhiteElo "1718"]
[BlackElo "1807"]
[PlyCount "94"]
[EventDate "2012.04.13"]
[EventType "team-tourn"]
[EventRounds "7"]
[EventCountry "CZE"]
[SourceTitle "CBM 148 Extra"]
[Source "ChessBase"]
[SourceDate "2012.06.22"]
[SourceVersion "1"]
[SourceVersionDate "2012.06.22"]
[SourceQuality "1"]
[WhiteTeam "Liberec"]
[BlackTeam "Brno Duras"]
[WhiteTeamCountry "CZE"]
[BlackTeamCountry "CZE"]

1. e4 c5 2. Nf3 Nc6 3. d4 cxd4 4. Nxd4 g6 5. Be3 Bg7 6. Nc3 Nf6 7. f3 0-0 8. Qd2 d5 9. exd5 Nxd5 10. Nxc6 bxc6 11. Bd4 Qa5 12. Bxg7 Kxg7 13. Nxd5 Qxd2+ 14. Kxd2 cxd5 15. Bd3 Rb8 16. b3 Rb6 17. Rhe1 e6 18. g4 Ba6 19. Bxa6 Rxa6 20. f4 Rc8 21. a4 Rac6 22. Rac1 a5 23. f5 exf5 24. gxf5 Rf6 25. fxg6 hxg6 26. Re2 Rf3 27. c3 d4 28. cxd4 Rxc1 29. Kxc1 Rxb3 30. Re5 Rb4 31. Rxa5 Rxd4 32. Kc2 f5 33. Kc3 Rh4 34. Kd3 Rxh2 35. Rb5 Ra2 36. Rb4 g5 37. Rb5 Kf6 38. a5 Ke6 39. Ke3 Ra3+ 40. Kf2 g4 41. Kg2 f4 42. Rg5 Ra2+ 43. Kf1 g3 44. Rb5 f3 45. Rb1 Rxa5 46. Rd1 Rh5 47. Kg1 Rh2 0-1

[Event "Novy Bor op 3rd"]
[Site "Novy Bor"]
[Date "2012.02.17"]
[Round "8"]
[White "Suchomel, Tomas"]
[Black "Voelz, Stephan"]
[Result "1/2-1/2"]
[WhiteElo "1727"]
[BlackElo "1950"]
[PlyCount "83"]
[EventDate "2012.02.11"]
[EventType "swiss"]
[EventRounds "9"]
[EventCountry "CZE"]
[SourceTitle "CBM 147 Extra"]
[Source "ChessBase"]
[SourceDate "2012.04.24"]
[SourceVersion "1"]
[SourceVersionDate "2012.04.24"]
[SourceQuality "1"]

1. e4 c5 2. Nf3 Nc6 3. d4 cxd4 4. Nxd4 Nf6 5. Nc3 e5 6. Ndb5 d6 7. Bg5 a6 8. Na3 b5 9. Bxf6 gxf6 10. Nd5 Bg7 11. c4 b4 12. Nc2 Rb8 13. b3 f5 14. exf5 Bxf5 15. Be2 0-0 16. 0-0 Be6 17. Rb1 f5 18. f4 a5 19. Nce3 Nd4 20. Rc1 Rc8 21. Bd3 Rc5 22. Kh1 Rf7 23. Qh5 Qf8 24. Rf2 Qc8 25. Rcf1 e4 26. Bb1 Bxd5 27. Nxd5 Rxd5 28. cxd5 e3 29. Re2 Nxe2 30. Qxe2 Qc5 31. Bd3 Bc3 32. Rf3 Bd2 33. h3 Qd4 34. Rg3+ Kf8 35. Qf1 Rc7 36. Bc4 Re7 37. Rg5 Qe4 38. Be2 Kf7 39. Rh5 Kg6 40. Rg5+ Kf6 41. Rh5 Kg6 42. Rg5+ 1/2-1/2

[Event "CZE-chT2C 1112"]
[Site "Czech Republic"]
[Date "2011.11.06"]
[Round "2.8"]
[White "Suchomel, Tomas"]
[Black "Dvorak, Jan"]
[Result "1/2-1/2"]
[WhiteElo "1718"]
[BlackElo "2204"]
[PlyCount "58"]
[EventDate "2011.10.09"]
[EventType "team-tourn"]
[EventRounds "11"]
[EventCountry "CZE"]
[SourceTitle "EXT 2013"]
[Source "ChessBase"]
[SourceDate "2012.11.22"]
[SourceVersion "1"]
[SourceVersionDate "2012.11.22"]
[SourceQuality "1"]
[WhiteTeam "Liberec"]
[BlackTeam "Kobylisy"]
[WhiteTeamCountry "CZE"]
[BlackTeamCountry "CZE"]

1. e4 e6 2. d4 d5 3. exd5 exd5 4. Bd3 c5 5. Qe2+ Be7 6. dxc5 Nf6 7. Bb5+ Nc6 8. Nf3 0-0 9. 0-0 Bxc5 10. Bg5 Bg4 11. Qd3 Qd6 12. Nbd2 Nb4 13. Qb3 Ne4 14. Bh4 Nxd2 15. Nxd2 Qh6 16. Qg3 Bf5 17. Bg5 Qb6 18. c4 Bd3 19. Rfd1 a6 20. a3 Nc2 21. Qxd3 Nxa1 22. Ba4 Qxb2 23. Rb1 Qd4 24. Qxd4 Bxd4 25. Nf3 Bc3 26. Rc1 Bb2 27. Rb1 Bc3 28. Rc1 Bb2 29. Rb1 Bc3 1/2-1/2

[Event "CZE-chTW U20 1112"]
[Site "Czech Republic"]
[Date "2011.10.16"]
[Round "4.3"]
[White "Misicko, Jan Jr"]
[Black "Suchomel, Tomas"]
[Result "0-1"]
[WhiteElo "1543"]
[BlackElo "1718"]
[PlyCount "78"]
[EventDate "2011.10.15"]
[EventType "team-tourn"]
[EventRounds "7"]
[EventCountry "CZE"]
[SourceTitle "EXT 2013"]
[Source "ChessBase"]
[SourceDate "2012.11.22"]
[SourceVersion "1"]
[SourceVersionDate "2012.11.22"]
[SourceQuality "1"]
[WhiteTeam "Kladno"]
[BlackTeam "Liberec"]
[WhiteTeamCountry "CZE"]
[BlackTeamCountry "CZE"]

1. e4 e5 2. Nf3 Nc6 3. Bb5 d6 4. 0-0 Bd7 5. Nc3 Be7 6. Bxc6 Bxc6 7. d4 exd4 8. Nxd4 Bd7 9. Re1 Nf6 10. Bg5 0-0 11. Nf5 Bxf5 12. exf5 Qd7 13. Qf3 c6 14. Rad1 Rfe8 15. Re2 h6 16. Bh4 Nd5 17. Bxe7 Nxc3 18. Qxc3 Rxe7 19. Rxe7 Qxe7 20. f6 Qe6 21. fxg7 Re8 22. h3 d5 23. Qd4 Qe5 24. Qxe5 Rxe5 25. Rd3 Re2 26. Rc3 Re1+ 27. Kh2 Kxg7 28. Kg3 Kf6 29. Re3 Rxe3+ 30. fxe3 Ke5 31. Kf3 h5 32. a3 c5 33. c3 b5 34. b3 a5 35. g3 b4 36. axb4 c4 37. bxc4 a4 38. c5 a3 39. c6 Ke6 0-1

[Event "CZE-chTW U20 1112"]
[Site "Czech Republic"]
[Date "2011.10.16"]
[Round "3.4"]
[White "Pycha, Patrik"]
[Black "Suchomel, Tomas"]
[Result "1-0"]
[WhiteElo "1789"]
[BlackElo "1718"]
[PlyCount "145"]
[EventDate "2011.10.15"]
[EventType "team-tourn"]
[EventRounds "7"]
[EventCountry "CZE"]
[SourceTitle "EXT 2013"]
[Source "ChessBase"]
[SourceDate "2012.11.22"]
[SourceVersion "1"]
[SourceVersionDate "2012.11.22"]
[SourceQuality "1"]
[WhiteTeam "Vlasim"]
[BlackTeam "Liberec"]
[WhiteTeamCountry "CZE"]
[BlackTeamCountry "CZE"]

1. e4 e6 2. d4 d5 3. Nd2 Nf6 4. e5 Nfd7 5. Bd3 c5 6. c3 Nc6 7. Ne2 Qb6 8. Nf3 cxd4 9. cxd4 Bb4+ 10. Bd2 f6 11. exf6 Nxf6 12. 0-0 Bd6 13. Qc2 Bd7 14. Rac1 e5 15. dxe5 Nxe5 16. Nxe5 Bxe5 17. Bf4 Qd6 18. Bxe5 Qxe5 19. Qc7 Qxc7 20. Rxc7 Rb8 21. Nf4 0-0 22. Nxd5 Be6 23. Nxf6+ Rxf6 24. Re1 g6 25. Rxe6 Rxe6 26. Bc4 Rbe8 27. Bxe6+ Rxe6 28. g3 Rb6 29. b3 h6 30. Kg2 Rb4 31. f4 a5 32. Rc4 Rb5 33. Kf3 Kf7 34. Ke4 Kf6 35. g4 Ke6 36. Rd4 Rc5 37. h4 Rc2 38. f5+ gxf5+ 39. gxf5+ Ke7 40. a4 Rb2 41. Rd3 Rh2 42. Ke5 Rxh4 43. f6+ Ke8 44. Kf5 Rh2 45. Re3+ Kf8 46. Re7 h5 47. Rxb7 h4 48. Kg4 h3 49. Rh7 Rf2 50. Rxh3 Rxf6 51. Kg5 Rb6 52. Re3 Rd6 53. Kf5 Kf7 54. Re5 Rd3 55. Rb5 Ke7 56. Ke4 Rh3 57. Kd5 Kd7 58. Kc4 Rh4+ 59. Kc3 Rh3+ 60. Kb2 Kc6 61. Rxa5 Kb6 62. Rg5 Ka6 63. Ka3 Rh4 64. Rg6+ Ka7 65. a5 Kb7 66. b4 Ka7 67. Ka4 Rh1 68. Rg7+ Ka8 69. a6 Ra1+ 70. Kb5 Rf1 71. Rc7 Rf6 72. Rc6 Rf5+ 73. Kb6 1-0

[Event "Liberec Metalmex op"]
[Site "Liberec"]
[Date "2011.08.20"]
[Round "8"]
[White "Suchomel, Tomas"]
[Black "Snorek, Milan"]
[Result "0-1"]
[WhiteElo "1647"]
[BlackElo "2118"]
[PlyCount "86"]
[EventDate "2011.08.13"]
[EventType "swiss"]
[EventRounds "9"]
[EventCountry "CZE"]
[SourceTitle "CBM 143 Extra"]
[Source "ChessBase"]
[SourceDate "2011.08.29"]
[SourceVersion "1"]
[SourceVersionDate "2011.08.29"]
[SourceQuality "1"]

1. e4 c5 2. Nf3 e6 3. d4 cxd4 4. Nxd4 a6 5. Bd3 Qc7 6. Qe2 d6 7. 0-0 Nf6 8. Nc3 Nbd7 9. Nb3 Be7 10. Kh1 b6 11. f4 Bb7 12. Be3 h5 13. Rae1 h4 14. h3 Nh5 15. Bf2 Nxf4 16. Bxb6 Nxe2 17. Bxc7 Ng3+ 18. Kh2 Nxf1+ 19. Rxf1 Rc8 20. Ba5 Ne5 21. Na4 Nxd3 22. cxd3 Bf6 23. Nb6 Rc2 24. Nc4 Be5+ 25. Nxe5 dxe5 26. Bc3 f6 27. Nc5 Bc8 28. Na4 0-0 29. Rd1 Rd8 30. Nc5 Rd6 31. Kg1 Rc6 32. Nb3 Bd7 33. Kf1 Be8 34. Na1 Bh5 35. Nxc2 Bxd1 36. Ne3 Bh5 37. Ng4 Bxg4 38. hxg4 g5 39. Ke2 Rc7 40. d4 exd4 41. Bxd4 Rc2+ 42. Kf3 e5 43. Bc3 Kf7 0-1

[Event "Liberec Metalmex op"]
[Site "Liberec"]
[Date "2011.08.15"]
[Round "3"]
[White "Simon, Petr"]
[Black "Suchomel, Tomas"]
[Result "1-0"]
[WhiteElo "1785"]
[BlackElo "1647"]
[PlyCount "33"]
[EventDate "2011.08.13"]
[EventType "swiss"]
[EventRounds "9"]
[EventCountry "CZE"]
[SourceTitle "CBM 143 Extra"]
[Source "ChessBase"]
[SourceDate "2011.08.29"]
[SourceVersion "1"]
[SourceVersionDate "2011.08.29"]
[SourceQuality "1"]

1. d4 Nf6 2. Nf3 e6 3. c4 c5 4. Nc3 b6 5. e4 Bb7 6. Bg5 h6 7. Bxf6 Qxf6 8. d5 exd5 9. exd5 a6 10. a4 d6 11. Bd3 Be7 12. Qd2 0-0 13. 0-0 Bd8 14. Rfe1 Bc7 15. Re4 Bc8 16. Rf4 Qd8 17. Re1 1-0

[Event "Kouty nad Desnou op-B"]
[Site "Kouty nad Desnou"]
[Date "2011.03.13"]
[Round "2"]
[White "Tobiskova, Petra"]
[Black "Suchomel, Tomas"]
[Result "0-1"]
[WhiteElo "1487"]
[BlackElo "1657"]
[PlyCount "98"]
[EventDate "2011.03.12"]
[EventType "swiss"]
[EventRounds "9"]
[EventCountry "CZE"]
[SourceTitle "EXT 2014"]
[Source "ChessBase"]
[SourceDate "2013.11.20"]
[SourceVersion "1"]
[SourceVersionDate "2013.11.20"]
[SourceQuality "1"]

1. d4 e6 2. e4 d5 3. exd5 exd5 4. Nf3 Bd6 5. Bd3 Ne7 6. 0-0 Nbc6 7. c3 Bg4 8. Re1 Qd7 9. Be2 f6 10. Nbd2 0-0-0 11. a4 Ng6 12. Nb3 Rhe8 13. Bd2 Bf4 14. Nc5 Qd6 15. g3 Bxd2 16. Nxd2 Bxe2 17. Rxe2 b6 18. Rxe8 Rxe8 19. Qg4+ Kb8 20. Nd3 Nd8 21. Qh5 Rh8 22. f4 Ne7 23. Qf3 g6 24. Re1 a5 25. b4 Ndc6 26. bxa5 Nxa5 27. Nb4 Rd8 28. Qd1 Nec6 29. Qb1 Nxb4 30. cxb4 Nc6 31. b5 Nxd4 32. Qd3 Qc5 33. Kg2 Qb4 34. Ra1 Re8 35. Kh3 Qc5 36. Rb1 Nf5 37. Nb3 Qc4 38. Qd1 Ne3 39. Nd2 Qa2 40. Ra1 Nxd1 41. Rxa2 Re2 42. g4 Nc3 43. Ra3 Nxa4 44. Nf1 Nc5 45. Ng3 Rd2 46. g5 f5 47. Ra1 Ne4 48. Nf1 Rf2 49. Ng3 Rxf4 0-1

[Event "CZE-chTW U20 1011"]
[Site "Czech Republic"]
[Date "2011.01.15"]
[Round "6.5"]
[White "Suchomel, Tomas"]
[Black "Nespurek, Petr"]
[Result "1/2-1/2"]
[WhiteElo "1673"]
[BlackElo "1745"]
[PlyCount "42"]
[EventDate "2010.10.02"]
[EventType "team-tourn"]
[EventRounds "11"]
[EventCountry "CZE"]
[SourceTitle "EXT 2012"]
[Source "ChessBase"]
[SourceDate "2011.11.24"]
[SourceVersion "1"]
[SourceVersionDate "2011.11.24"]
[SourceQuality "1"]
[WhiteTeam "Liberec (U20)"]
[BlackTeam "Polabiny (U20)"]
[WhiteTeamCountry "CZE"]
[BlackTeamCountry "CZE"]

1. e4 e5 2. Nf3 Nf6 3. Nxe5 d6 4. Nf3 Nxe4 5. d4 d5 6. Bd3 Bd6 7. 0-0 0-0 8. c4 c6 9. Nc3 Nxc3 10. bxc3 Bg4 11. c5 Bc7 12. Bg5 Bxf3 13. Bxd8 Bxh2+ 14. Kxh2 Bxd1 15. Bc7 Bg4 16. Rab1 Bc8 17. Rfe1 Nd7 18. Bd6 Rd8 19. Bc7 Rf8 20. Bd6 Rd8 21. Bc7 Rf8 1/2-1/2

[Event "CZE-chTW U20 1011"]
[Site "Czech Republic"]
[Date "2010.10.02"]
[Round "1.5"]
[White "Suchomel, Tomas"]
[Black "Paukert, Jindrich"]
[Result "0-1"]
[WhiteElo "1673"]
[BlackElo "1969"]
[PlyCount "94"]
[EventDate "2010.10.02"]
[EventType "team-tourn"]
[EventRounds "11"]
[EventCountry "CZE"]
[SourceTitle "EXT 2012"]
[Source "ChessBase"]
[SourceDate "2011.11.24"]
[SourceVersion "1"]
[SourceVersionDate "2011.11.24"]
[SourceQuality "1"]
[WhiteTeam "Liberec (U20)"]
[BlackTeam "Kladno (U20)"]
[WhiteTeamCountry "CZE"]
[BlackTeamCountry "CZE"]

1. e4 e5 2. Nf3 Nc6 3. d4 exd4 4. Nxd4 Nf6 5. f3 Bc5 6. Be3 Bb6 7. c3 0-0 8. Nd2 d5 9. Nxc6 bxc6 10. Bxb6 cxb6 11. Bd3 Bb7 12. 0-0 Re8 13. Re1 Qd6 14. Qc2 Re7 15. Rad1 Rae8 16. g3 c5 17. Bb5 Bc6 18. Bxc6 Qxc6 19. Kf2 dxe4 20. Nxe4 Nxe4+ 21. fxe4 h6 22. Rd5 Qxd5 23. exd5 Rxe1 24. Qd2 R1e5 25. c4 Rf5+ 26. Kg2 Re4 27. b3 Rfe5 28. Kf2 Rd4 29. Qc2 f5 30. a4 Kf7 31. Kf3 Kf6 32. h3 g5 33. g4 fxg4+ 34. hxg4 Rf4+ 35. Kg3 Re3+ 36. Kg2 Rxg4+ 37. Kf2 Ree4 38. Qc3+ Rd4 39. Qh3 Kg6 40. Ke2 h5 41. Qh2 Rgf4 42. Qh3 g4 43. Qg3 Kg5 44. Ke1 h4 45. Qc3 g3 46. d6 g2 47. Qe3 Rde4 0-1

[Event "CZE-ch U12"]
[Site "Kouty nad Desnou"]
[Date "2009.03.14"]
[Round "9"]
[White "Stefanik, Richard"]
[Black "Suchomel, Tomas"]
[Result "1/2-1/2"]
[WhiteElo "1536"]
[BlackElo "1587"]
[PlyCount "47"]
[EventDate "2009.03.07"]
[EventType "swiss"]
[EventRounds "9"]
[EventCountry "CZE"]
[SourceTitle "EXT 2011"]
[Source "ChessBase"]
[SourceDate "2010.11.26"]
[SourceVersion "1"]
[SourceVersionDate "2010.11.26"]
[SourceQuality "1"]

1. e4 e6 2. d4 d5 3. e5 c5 4. c3 Nc6 5. Nf3 Qb6 6. Be2 Be7 7. 0-0 f6 8. a3 a5 9. Qc2 Bd7 10. Be3 a4 11. Re1 Na5 12. dxc5 Bxc5 13. Bxc5 Qxc5 14. Nbd2 Nc6 15. Bd3 fxe5 16. Nxe5 Nxe5 17. Rxe5 Nf6 18. Rg5 0-0 19. Nf3 h6 20. Re5 Ng4 21. Re2 Rae8 22. h3 Nf6 23. Ne5 Bb5 24. Bxb5 1/2-1/2

[Event "CZE-ch U12"]
[Site "Kouty nad Desnou"]
[Date "2009.03.12"]
[Round "7"]
[White "Suchomel, Tomas"]
[Black "Abelyan, Murad"]
[Result "0-1"]
[WhiteElo "1587"]
[BlackElo "1709"]
[PlyCount "34"]
[EventDate "2009.03.07"]
[EventType "swiss"]
[EventRounds "9"]
[EventCountry "CZE"]
[SourceTitle "EXT 2011"]
[Source "ChessBase"]
[SourceDate "2010.11.26"]
[SourceVersion "1"]
[SourceVersionDate "2010.11.26"]
[SourceQuality "1"]

1. e4 c5 2. Nf3 d6 3. d4 cxd4 4. Nxd4 Nf6 5. Nc3 e6 6. Bg5 Be7 7. Bb5+ Bd7 8. Qd3 a6 9. Bxd7+ Nbxd7 10. 0-0-0 Ne5 11. Qe2 b5 12. f4 Nc4 13. Nc6 Qc7 14. Nxe7 Qxe7 15. e5 dxe5 16. fxe5 Qb4 17. b3 Qa3+ 0-1